Concelhos de Évora no mapa - Statistics

Estatísticas Gerais
  • Esse quiz foi jogado 75 vezes
  • A pontuação média é 10 de 14
Respostas no mapa
Respostas codificadas por cores de uma escala verde-vermelha no mapa do quiz de acordo com a % correta abaixo.
 
Estatísticas das Respostas
Resposta % Correto
Évora
100%
Montemor-o-Novo
83%
Arraiolos
79%
Viana do Alentejo
79%
Mora
71%
Mourão
71%
Vendas Novas
71%
Alandroal
67%
Redondo
67%
Estremoz
63%
Reguengos de Monsaraz
63%
Portel
58%
Borba
46%
Vila Viçosa
33%
Nenhum quiz correspondente encontrado
Distribuição das Pontuações
Porcentagem de Pessoas com Cada Pontuação
Percentil de Números Respondidos
Sua Pontuação Histórica
Você não jogou esse quiz